[Event "SVK-ch U14"]
[Site "Lubovna"]
[Date "2020.08.18"]
[Round "5"]
[White "Zacik, Tibor Gregor"]
[Black "Orgon, Patrik"]
[Result "1/2-1/2"]
[WhiteElo "1453"]
[BlackElo "1766"]
[PlyCount "70"]
[EventDate "2020.08.15"]
[EventType "swiss"]
[EventRounds "9"]
[EventCountry "SVK"]
[SourceTitle "EXT 2021"]
[Source "ChessBase"]
[SourceDate "2020.10.23"]
[SourceVersion "1"]
[SourceVersionDate "2020.10.23"]
[SourceQuality "1"]

1. d4 f5 2. g3 Nf6 3. Bg2 e6 4. Nf3 Be7 5. 0-0 0-0 6. Nbd2 d5 7. Re1 c6 8. e3 Bd6 9. Qe2 Qe7 10. a3 Nbd7 11. c4 Ne4 12. b4 Ndf6 13. c5 Bc7 14. Nxe4 fxe4 15. Nd2 e5 16. f3 exf3 17. Nxf3 e4 18. Ng5 Bg4 19. Qa2 h6 20. Nh3 g5 21. Nf2 Kh7 22. Rf1 Bf3 23. Bxf3 exf3 24. Qc2+ Kg7 25. a4 g4 26. Qf5 h5 27. Qd3 Rh8 28. Nh1 Ne4 29. Nf2 h4 30. Nxg4 f2+ 31. Nxf2 hxg3 32. hxg3 Qe6 33. Qe2 Rh1+ 34. Nxh1 Rh8 35. Qg2 Rh3 1/2-1/2

[Event "SVK-ch U14"]
[Site "Lubovna"]
[Date "2020.08.17"]
[Round "3"]
[White "Duda, Daniel2"]
[Black "Zacik, Tibor Gregor"]
[Result "0-1"]
[WhiteElo "1490"]
[BlackElo "1453"]
[PlyCount "77"]
[EventDate "2020.08.15"]
[EventType "swiss"]
[EventRounds "9"]
[EventCountry "SVK"]
[SourceTitle "EXT 2021"]
[Source "ChessBase"]
[SourceDate "2020.10.23"]
[SourceVersion "1"]
[SourceVersionDate "2020.10.23"]
[SourceQuality "1"]

1. d4 d5 2. c4 c6 3. Nf3 Nf6 4. Bg5 Bf5 5. Qb3 Qc7 6. e3 Nbd7 7. Nc3 e6 8. Bf4 Qb6 9. c5 Qxb3 10. axb3 Nh5 11. g3 Nxf4 12. gxf4 f6 13. Nh4 Bg4 14. f3 Bh5 15. Kf2 e5 16. Bh3 exd4 17. Bxd7+ Kxd7 18. exd4 g5 19. fxg5 fxg5 20. Nf5 Bg6 21. Ne3 Bg7 22. Ne2 Rhf8 23. Rhg1 Be4 24. f4 h6 25. h4 Bf6 26. Ng4 gxf4 27. Nxf6+ Rxf6 28. Rg7+ Ke6 29. Rxb7 Rg8 30. Rg1 Rxg1 31. Nxg1 Rg6 32. Rxa7 Rg2+ 33. Kf1 f3 34. Rc7 Bd3+ 35. Ne2 fxe2+ 36. Kxg2 e1Q 37. Rxc6+ Kf5 38. Rd6 Kg4 39. Rg6+ 0-1

[Event "SVK-ch U14"]
[Site "Lubovna"]
[Date "2020.08.17"]
[Round "4"]
[White "Zacik, Tibor Gregor"]
[Black "Paluska, Karol"]
[Result "1/2-1/2"]
[WhiteElo "1453"]
[BlackElo "1723"]
[PlyCount "44"]
[EventDate "2020.08.15"]
[EventType "swiss"]
[EventRounds "9"]
[EventCountry "SVK"]
[SourceTitle "EXT 2021"]
[Source "ChessBase"]
[SourceDate "2020.10.23"]
[SourceVersion "1"]
[SourceVersionDate "2020.10.23"]
[SourceQuality "1"]

1. Nf3 d5 2. d4 Nf6 3. g3 Bf5 4. Bg2 c6 5. 0-0 Ne4 6. Nbd2 e6 7. Nh4 g5 8. Nxf5 exf5 9. e3 Nd7 10. Qe2 Bd6 11. c4 Nxd2 12. Bxd2 dxc4 13. Qxc4 Nb6 14. Qc2 Qd7 15. Rfe1 f6 16. Rad1 Kf7 17. Qb3+ Kg7 18. f4 gxf4 19. exf4 h5 20. Qe6 Rhe8 21. Qxd7+ Nxd7 22. d5 Bc5+ 1/2-1/2

[Event "SVK-ch U12"]
[Site "Liptovsky Mikulas"]
[Date "2018.04.26"]
[Round "8"]
[White "Zacik, Tibor Gregor"]
[Black "Stevik, Patrik1"]
[Result "0-1"]
[WhiteElo "1179"]
[BlackElo "1713"]
[PlyCount "130"]
[EventDate "2018.04.21"]
[EventType "swiss"]
[EventRounds "9"]
[EventCountry "SVK"]
[SourceTitle "CBM 184 Extra"]
[Source "ChessBase"]
[SourceDate "2018.06.28"]
[SourceVersion "1"]
[SourceVersionDate "2018.06.28"]
[SourceQuality "1"]

1. e4 e5 2. Nf3 Nc6 3. Bc4 Nf6 4. d3 Be7 5. Nbd2 0-0 6. 0-0 d6 7. Re1 Na5 8. h3 h6 9. a3 Nxc4 10. Nxc4 Re8 11. b4 Bf8 12. Bb2 g6 13. d4 exd4 14. e5 dxe5 15. Rxe5 d3 16. Rxe8 Nxe8 17. Qxd3 Qxd3 18. cxd3 Bf5 19. Rd1 Rd8 20. Nd4 Bc8 21. Nb5 a6 22. Nc3 c5 23. b5 axb5 24. Nxb5 Bf5 25. d4 Bg7 26. d5 Bxb2 27. Nxb2 Bc2 28. Rc1 Bb3 29. Rxc5 Bxd5 30. Nc7 Bc6 31. Nxe8 Rxe8 32. Kf1 Rd8 33. g3 Rd2 34. Nc4 Rc2 35. Ke1 Bd7 36. Kd1 Ba4 37. Rc8+ Kg7 38. Ke1 Bd7 39. Kd1 Rxf2 40. Rc7 Bxh3 41. Rxb7 Rg2 42. Nd2 Rxg3 43. Rb3 Rxb3 44. Nxb3 Bg2 45. a4 h5 46. Nd2 h4 47. Ke1 h3 48. Kf2 g5 49. a5 g4 50. a6 f5 51. a7 f4 52. Nc4 g3+ 53. Ke2 h2 54. Nd2 h1Q 55. Nf3 Bxf3+ 56. Kd3 g2 57. Kc3 g1Q 58. a8Q Bxa8 59. Kd3 f3 60. Kd2 f2 61. Kc3 f1Q 62. Kd2 Qd4+ 63. Kc2 Be4+ 64. Kb3 Qb5+ 65. Ka3 Qha1# 0-1